Famous Steves - Statistics

General Stats
  • This quiz has been taken 43 times
  • The average score is 14 of 25
Answer Stats
Hint Answer % Correct
Co-founder and former CEO of Apple who died in 2011 Steve Jobs
95%
ALS-stricken theoretical physicist who wrote "A Brief History of Time" Stephen Hawking
93%
Prolific filmmaker who directed Schindler's List, Jurassic Park and E.T. Steven Spielberg
93%
Australian conservationist and TV presenter known as 'The Crocodile Hunter' Steve Irwin
90%
Author of "It", "The Green Mile" and "The Shining" Stephen King
88%
Blind soul singer whose hits include "Isn't She Lovely?" and "Superstition" Stevie Wonder
85%
Actor and comedian who starred as Michael Scott in The Office Steve Carrell
75%
Lead vocalist of Aerosmith Steven Tyler
75%
American comic actor known for Planes, Trains and Automobiles, Dirty Rotten Scoundrels and, more recently, Only Murders in the Building Steve Martin
70%
'Hard man' American actor who starred in Bullitt and The Great Escape Steve McQueen
63%
Basketball player and point guard for the Golden State Warriors, widely recognised as one of the greatest shooters of all time Steph Curry
53%
Moustachioed comedian who hosts Family Feud Steve Harvey
53%
This Under Siege actor and martial artist has appeared in a range of unsuccessful low-budget action flicks Steven Seagal
53%
Comedian who has hosted his eponymous Late Show on CBS since 2015 Stephen Colbert
48%
American character actor who starred as Enoch "Nucky" Thompson in Boardwalk Empire Steve Buscemi
45%
Composer and lyricist known for his work on the musicals "West Side Story", "Follies" and "Merrily We Roll Along" Stephen Sondheim
40%
English midfielder who captained Liverpool FC from 2003 to 2015 Steven Gerrard
40%
Lead singer of Journey Steve Perry
35%
British actor and comedian who appeared in Blackadder and hosted QI from 2003 to 2016 Stephen Fry
33%
English comic actor who portrayed hapless radio host Alan Partridge Steve Coogan
33%
British rower who won gold medals at five consecutive Olympic Games Steve Redgrave
33%
Known for his frequent collaborations with Ricky Gervais, this British comedian voiced the robot Wheatley in Portal 2 Stephen Merchant
28%
Actor who starred as Glenn Rhee in The Walking Dead Steven Yeun
18%
Prime Minister of Canada between 2006 and 2015 Stephen Harper
15%
American military historian who wrote the bestselling book "Band of Brothers" Stephen E. Ambrose
5%
No matching quizzes found
Score Distribution
Percent of People with Each Score
Percentile by Number Answered
Your Score History
You have not taken this quiz